Trò chơi vương quyền 4A Game of thrones 4A Tiệc quạ đen
Tên sách tiếng Anh: Game of thrones 4A; Trò chơi vương quyền là một series tiểu thuyết sử thi viễn tưởng của tiểu thuyết gia nổi tiếng người Mỹ George R. R. Martin. Lấy cảm hứng từ tiểu thuyết "Cuộc chiến hoa hồng" và "Ivanhoe&quo...
Guardat en:
| Autor principal: | |
|---|---|
| Altres autors: | |
| Format: | Llibre |
| Idioma: | Undetermined |
| Publicat: |
H.
Lao động
2014
|
| Matèries: | |
| Accés en línia: | http://lrc.tdmu.edu.vn/opac/search/detail.asp?aID=2&ID=28526 |
| Etiquetes: |
Afegir etiqueta
Sense etiquetes, Sigues el primer a etiquetar aquest registre!
|
| Thư viện lưu trữ: | Trung tâm Học liệu Trường Đại học Thủ Dầu Một |
|---|
| LEADER | 01675nam a2200241Ia 4500 | ||
|---|---|---|---|
| 001 | TDMU_28526 | ||
| 008 | 210410s9999 xx 000 0 und d | ||
| 082 | |a 529.308995911 | ||
| 090 | |b M109 | ||
| 100 | |a Martin, George R. R | ||
| 245 | 0 | |a Trò chơi vương quyền 4A | |
| 245 | 0 | |b Game of thrones 4A | |
| 245 | 0 | |c George R. R. Martin; Cẩm Chi, Vũ Hương (dịch) | |
| 245 | 0 | |p Tiệc quạ đen | |
| 260 | |a H. | ||
| 260 | |b Lao động | ||
| 260 | |c 2014 | ||
| 300 | |a 640tr | ||
| 520 | |a Tên sách tiếng Anh: Game of thrones 4A; Trò chơi vương quyền là một series tiểu thuyết sử thi viễn tưởng của tiểu thuyết gia nổi tiếng người Mỹ George R. R. Martin. Lấy cảm hứng từ tiểu thuyết "Cuộc chiến hoa hồng" và "Ivanhoe" Martin bắt đầu viết bộ sách vào năm 1991 và năm 1996 ông cho ra mắt ấn phẩm đầu tiên.; Bộ sách viết về cuộc tranh giành quyền lực của bảy lãnh chúa vùng đất Weterlos và Essos, gồm những khu vực do các dòng họ lớn cai trị, trong bối cảnh nhiều thế lực đen tối có sức mạnh siêu nhiên như người Ngoại nhân, quỷ bóng trắng... luôn đe dọa xâm chiếm Weterlos. | ||
| 650 | |a Văn học hiện đại |v Tiểu thuyết |z Mỹ; Văn học Mỹ |v Tiểu thuyết | ||
| 700 | |a Cẩm Chi | ||
| 856 | |u http://lrc.tdmu.edu.vn/opac/search/detail.asp?aID=2&ID=28526 | ||
| 980 | |a Trung tâm Học liệu Trường Đại học Thủ Dầu Một | ||